[Event "Remote 4 Seasons Spring email"]
[Site "Remote email"]
[Date "2014.04.15"]
[Round "?"]
[White "Faber, Hans Alban"]
[Black "Kleinert, Stefan"]
[Result "1/2-1/2"]
[WhiteElo "2494"]
[BlackElo "2547"]
[PlyCount "53"]
[EventDate "2014.??.??"]
[EventType "tourn (corr)"]
[EventRounds "11"]
[EventCountry "GER"]
[SourceTitle "Corr 2015"]
[Source "ChessBase"]
[SourceDate "2015.07.17"]
[SourceVersion "1"]
[SourceVersionDate "2015.07.17"]
[SourceQuality "1"]

1. e4 e6 2. d4 d5 3. Nc3 Nf6 4. Bg5 Be7 5. e5 Nfd7 6. Bxe7 Qxe7 7. f4 0-0 8. Nf3 c5 9. Nb5 Nc6 10. c3 cxd4 11. cxd4 f6 12. Bd3 a6 13. Nd6 g5 14. 0-0 gxf4 15. Nh4 fxe5 16. Qg4+ Qg7 17. Qxe6+ Kh8 18. Qxd5 Nf6 19. Qc5 Nd7 20. Qa3 Nxd4 21. Rae1 b5 22. Bb1 Qe7 23. Nf3 Rf6 24. Nxb5 Nxf3+ 25. Rxf3 Qxa3 26. Nxa3 Bb7 27. Be4 1/2-1/2

[Event "Remote 4 Seasons Spring email"]
[Site "Remote email"]
[Date "2014.04.15"]
[Round "?"]
[White "Kleinert, Stefan"]
[Black "Zidu, Jan"]
[Result "1/2-1/2"]
[WhiteElo "2547"]
[BlackElo "2553"]
[PlyCount "72"]
[EventDate "2014.??.??"]
[EventType "tourn (corr)"]
[EventRounds "11"]
[EventCountry "GER"]
[SourceTitle "Corr 2015"]
[Source "ChessBase"]
[SourceDate "2015.07.17"]
[SourceVersion "1"]
[SourceVersionDate "2015.07.17"]
[SourceQuality "1"]

1. d4 d5 2. c4 c6 3. Nf3 Nf6 4. Nc3 e6 5. Bg5 h6 6. Bxf6 Qxf6 7. e3 Nd7 8. Bd3 dxc4 9. Bxc4 g6 10. 0-0 Bg7 11. Ne4 Qe7 12. Qc2 0-0 13. Bb3 e5 14. Ng3 Kh8 15. Rac1 f5 16. Ne2 e4 17. Nd2 Kh7 18. Nf4 Nf6 19. a3 Bd7 20. Ba2 g5 21. Ne2 Nd5 22. Rfe1 Be8 23. Nc3 Nxc3 24. Qxc3 Bg6 25. b4 Rae8 26. Kh1 f4 27. Bb1 Qd7 28. Qc2 g4 29. Qd1 h5 30. Rc5 Re7 31. Rg5 fxe3 32. fxe3 Qe8 33. Rc5 b6 34. Rc1 Bf7 35. Rf1 Bd5 36. Qe2 Rxf1+ 1/2-1/2

[Event "Remote S7 Top 63 email"]
[Site "Remote email"]
[Date "2012.09.13"]
[Round "?"]
[White "Kleinert, Stefan"]
[Black "Sachse, Steffen"]
[Result "1/2-1/2"]
[WhiteElo "2487"]
[BlackElo "2409"]
[PlyCount "94"]
[EventDate "2012.??.??"]
[EventType "tourn (corr)"]
[EventRounds "6"]
[EventCountry "GER"]
[SourceTitle "Corr 2015"]
[Source "ChessBase"]
[SourceDate "2015.07.17"]
[SourceVersion "1"]
[SourceVersionDate "2015.07.17"]
[SourceQuality "1"]

1. d4 c5 2. d5 Nf6 3. c4 b5 4. cxb5 a6 5. bxa6 e6 6. Nc3 exd5 7. Nxd5 Bxa6 8. e4 Bxf1 9. Kxf1 Be7 10. g3 0-0 11. Nc3 d6 12. Nge2 Qd7 13. Nf4 Nc6 14. Kg2 Bd8 15. f3 Ba5 16. Nb5 Rfd8 17. Qe2 d5 18. Rd1 Qe7 19. exd5 Qxe2+ 20. Nxe2 Nxd5 21. a3 Rab8 22. a4 Ne5 23. g4 f6 24. Rb1 Nb6 25. Rxd8+ Rxd8 26. Nbc3 Rd3 27. Ne4 Nbd7 28. Nf4 Rxf3 29. b3 h6 30. Ng6 Rd3 31. Nf2 Rd6 32. Nxe5 Nxe5 33. h3 Rd5 34. Be3 Kf7 35. Ne4 Bb4 36. Kf1 Ke7 37. a5 Bxa5 38. Bxc5+ Ke6 39. b4 Bc7 40. Ra1 Rd7 41. Bg1 Kd5 42. Nc5 Re7 43. Na6 Nc4 44. Nxc7+ Rxc7 45. b5 Rb7 46. Rd1+ Ke6 47. b6 Rb8 1/2-1/2

[Event "Remote S7 Top 63 email"]
[Site "Remote email"]
[Date "2012.07.13"]
[Round "?"]
[White "Faber, Hans Alban"]
[Black "Kleinert, Stefan"]
[Result "1/2-1/2"]
[WhiteElo "2455"]
[BlackElo "2487"]
[PlyCount "140"]
[EventDate "2012.??.??"]
[EventType "tourn (corr)"]
[EventRounds "6"]
[EventCountry "GER"]
[SourceTitle "Corr 2015"]
[Source "ChessBase"]
[SourceDate "2015.07.17"]
[SourceVersion "1"]
[SourceVersionDate "2015.07.17"]
[SourceQuality "1"]

1. e4 e5 2. Nf3 Nc6 3. Bb5 a6 4. Bxc6 dxc6 5. 0-0 Bg4 6. h3 h5 7. d3 Qf6 8. Nbd2 Ne7 9. Nc4 Bxf3 10. Qxf3 Qxf3 11. gxf3 Ng6 12. Be3 Be7 13. Kh1 0-0-0 14. a4 b6 15. Rg1 Bf6 16. Kh2 Rhg8 17. Rad1 Kd7 18. Nd2 Be7 19. Rde1 Ke6 20. Kg3 a5 21. Nc4 Rd7 22. Re2 Bh4+ 23. Kh2 Bf6 24. Rh1 Nf4 25. Bxf4 exf4 26. Ree1 g5 27. Rhg1 Ra8 28. Ra1 Rdd8 29. Rab1 Rdb8 30. Nd2 b5 31. Nb3 Kd6 32. Nd2 bxa4 33. Nc4+ Ke6 34. e5 Be7 35. Ra1 a3 36. bxa3 a4 37. Rae1 h4 38. Re4 Rb7 39. Ree1 Rb5 40. Kg2 Bc5 41. Kf1 Rg8 42. Re4 Rb1+ 43. Kg2 Rgb8 44. Rxb1 Rxb1 45. Nd2 Rc1 46. Rxa4 Rxc2 47. Ne4 Be7 48. Ra5 Rc1 49. Ra7 Kd7 50. Ra4 Rd1 51. Rd4+ Ke6 52. a4 Kxe5 53. Rc4 Ke6 54. Rxc6+ Kd7 55. Rc3 c6 56. Nc5+ Bxc5 57. Rxc5 f6 58. Rf5 Ke6 59. Rc5 Kd6 60. Rf5 Ke7 61. Rc5 Ra1 62. a5 Kd6 63. Rf5 Ke6 64. Rc5 Ke7 65. d4 Kd6 66. Rf5 Ra3 67. Rxf6+ Kd5 68. Rg6 Kxd4 69. Rxc6 Rxa5 70. Rg6 Rf5 1/2-1/2

[Event "Remote S7 Top 59 email"]
[Site "Remote email"]
[Date "2012.06.16"]
[Round "?"]
[White "Dammer, Axel"]
[Black "Kleinert, Stefan"]
[Result "1/2-1/2"]
[WhiteElo "2406"]
[BlackElo "2485"]
[PlyCount "82"]
[EventDate "2012.??.??"]
[EventType "tourn (corr)"]
[EventRounds "6"]
[EventCountry "GER"]
[SourceTitle "Corr 2015"]
[Source "ChessBase"]
[SourceDate "2015.07.17"]
[SourceVersion "1"]
[SourceVersionDate "2015.07.17"]
[SourceQuality "1"]

1. Nf3 Nf6 2. c4 c5 3. d4 cxd4 4. Nxd4 e5 5. Nb5 d5 6. cxd5 Bc5 7. g3 0-0 8. N5c3 Qb6 9. e3 Bf5 10. a3 Rd8 11. Bg2 e4 12. Nd2 Nxd5 13. Na4 Qc6 14. Nxc5 Qxc5 15. Nxe4 Qe7 16. Qf3 Be6 17. 0-0 Nc6 18. Qh5 f5 19. Ng5 Nf6 20. Qh4 Bd5 21. b4 h6 22. Nf3 Ne5 23. Nd4 Bxg2 24. Kxg2 Qf7 25. Qf4 Qd5+ 26. f3 Rac8 27. Kg1 Rc4 28. Nxf5 Rxf4 29. Ne7+ Kf7 30. Nxd5 Rxf3 31. Nxf6 Rxf6 32. Rxf6+ gxf6 33. Bb2 Ke6 34. Rc1 Rd3 35. Bxe5 fxe5 36. a4 Rxe3 37. Rc7 Ra3 38. a5 b6 39. Rxa7 bxa5 40. bxa5 Ra1+ 41. Kg2 Ra2+ 1/2-1/2

[Event "Remote S7 Top 63 email"]
[Site "Remote email"]
[Date "2012.05.13"]
[Round "?"]
[White "Kleinert, Stefan"]
[Black "Feist Verhoeven, Aaron"]
[Result "1/2-1/2"]
[WhiteElo "2487"]
[BlackElo "2483"]
[PlyCount "54"]
[EventDate "2012.??.??"]
[EventType "tourn (corr)"]
[EventRounds "6"]
[EventCountry "GER"]
[SourceTitle "Corr 2015"]
[Source "ChessBase"]
[SourceDate "2015.07.17"]
[SourceVersion "1"]
[SourceVersionDate "2015.07.17"]
[SourceQuality "1"]

1. e4 c5 2. Nf3 d6 3. d4 cxd4 4. Nxd4 Nf6 5. Nc3 a6 6. Bg5 e6 7. f4 Qb6 8. Qd2 Qxb2 9. Rb1 Qa3 10. e5 h6 11. Bh4 dxe5 12. fxe5 g5 13. exf6 gxh4 14. Be2 Qa5 15. 0-0 Nd7 16. Kh1 Qg5 17. Rf4 e5 18. Nd5 exd4 19. Qxd4 Bc5 20. Qe4+ Kd8 21. Rf5 Re8 22. Qxe8+ Kxe8 23. Rxg5 hxg5 24. Nc7+ Kd8 25. Nxa8 Nxf6 26. Bf3 b5 27. Rd1+ Ke7 1/2-1/2

[Event "Remote S7 Top 47 email"]
[Site "Remote email"]
[Date "2011.05.27"]
[Round "?"]
[White "Pirs, Matjaz"]
[Black "Kleinert, Stefan"]
[Result "1/2-1/2"]
[WhiteElo "2550"]
[BlackElo "2478"]
[PlyCount "117"]
[EventDate "2011.??.??"]
[EventType "tourn (corr)"]
[EventRounds "6"]
[EventCountry "GER"]
[SourceTitle "Corr 2015"]
[Source "ChessBase"]
[SourceDate "2015.07.17"]
[SourceVersion "1"]
[SourceVersionDate "2015.07.17"]
[SourceQuality "1"]

1. e4 e5 2. Nf3 Nc6 3. Bb5 a6 4. Ba4 Nf6 5. 0-0 Be7 6. Re1 b5 7. Bb3 0-0 8. h3 Bb7 9. d3 d6 10. a3 Nb8 11. Nbd2 Nbd7 12. Nf1 Nc5 13. Ba2 Ne6 14. Ng3 c5 15. Nf5 Qd7 16. Be3 Rfe8 17. Nh2 Bd8 18. Ng4 Kh8 19. c3 Ng8 20. d4 exd4 21. cxd4 c4 22. d5 Nc5 23. Qf3 Nd3 24. Re2 f6 25. Bb1 Ne5 26. Qg3 Rc8 27. Bc2 Nd3 28. Qxd6 Qf7 29. Bb6 Ne7 30. Nd4 f5 31. Bxd3 cxd3 32. Ne5 Qg8 33. Bxd8 Rcxd8 34. Qe6 Qxe6 35. Nxe6 dxe2 36. Nf7+ Kg8 37. Nfxd8 Nxd5 38. exf5 Bc8 39. Re1 g6 40. g4 gxf5 41. gxf5 Nf4 42. Nxf4 Rxd8 43. Rxe2 Kf7 44. Ne6 Rg8+ 45. Kh2 Kf6 46. Re4 Kxf5 47. Nc5 h5 48. f3 Kf6 49. h4 a5 50. Re3 a4 51. Ne4+ Ke5 52. Ng5+ Kd4 53. Re4+ Kd3 54. Re5 b4 55. axb4 Kc2 56. Re2+ Kb3 57. Rd2 Bf5 58. b5 Rb8 59. Ne4 1/2-1/2